00322 a2200097 4500001001000000005001700010008004100027245006200068100001800130773007600148ART_6202620260410161611.0260409a 10aLa activación de los costos financieros en la RT 54 NUA1 aSuardi, Diana0 tProfesional & Empresariag- Año XXVI, Nº 300 (nov./dic. 2024)wREV70